000 01250nam a2200337 a 4500
001 ebr10512147
003 CaPaEBR
006 m u
007 cr cn|||||||||
008 020412s2002 sz a sb i001 0 eng d
010 _z 2003437890
020 _z9221095193
020 _z9789221095194
020 _z9789221138389 (e-book)
040 _aCaPaEBR
_cCaPaEBR
035 _a(OCoLC)635291223
050 1 4 _aHD69.C6
_bM36 2002eb
082 0 4 _a001
_221
245 0 0 _aManagement consulting
_h[electronic resource] :
_ba guide to the profession /
_cedited by Milan Kubr.
250 _a4th. ed.
260 _aGeneva :
_bInternational Labour Office,
_c2002.
300 _axxiii, 904 p. :
_bill.
504 _aIncludes bibliographical references and index.
533 _aElectronic reproduction.
_bPalo Alto, Calif. :
_cebrary,
_d2011.
_nAvailable via World Wide Web.
_nAccess may be limited to ebrary affiliated libraries.
650 0 _aBusiness consultants.
655 7 _aElectronic books.
_2local
700 1 _aKubr, Milan.
710 2 _aInternational Labour Office.
710 2 _aebrary, Inc.
856 4 0 _uhttp://site.ebrary.com/lib/rucke/Doc?id=10512147
_zAn electronic book accessible through the World Wide Web; click to view
999 _c119873
_d119873